|
|
|
|
| LEADER |
00848nam a2200157Ia 4500 |
| 001 |
TDMU_36739 |
| 008 |
210410s9999 xx 000 0 und d |
| 082 |
|
|
|a 657.9042
|
| 100 |
|
|
|a Phạm, Văn Lợi
|
| 245 |
|
0 |
|a Đánh giá thiệt hại gỗ rừng ngập mặn Cần Giờ do chất diệt cỏ của quân đội Mỹ sử dụng trong chiến tranh ở Việt Nam
|
| 245 |
|
0 |
|c Phạm Văn Lợi, Bùi Hoàng Nam, Nguyễn Huy Dũng, Trần Văn Châu
|
| 300 |
|
|
|a Tr.21-23
|
| 650 |
|
|
|a Môi trường; Thiệt hại; Rừng ngập mặn; Cần Giờ; Chất diệt cỏ; Chiến tranh Việt Nam
|
| 700 |
|
|
|a Bùi, Hoàng Nam
|
| 856 |
|
|
|u http://lrc.tdmu.edu.vn/opac/search/detail.asp?aID=2&ID=36739
|
| 980 |
|
|
|a Trung tâm Học liệu Trường Đại học Thủ Dầu Một
|